[Event "III Festival A"]
[Site "Lido degli Estensi - Comacchio ITA"]
[Date "2002.06.12"]
[Round "5"]
[White "Barlocco, Carlo"]
[Black "Rebers, Eugene H."]
[Result "1-0"]
[WhiteElo "2129"]
[BlackElo "2342"]
[PlyCount "65"]
[EventDate "2002.06.07"]

1. d4 d6 2. Nf3 g6 3. c4 Bg7 4. Nc3 Nd7 5. e4 e5 6. Be2 Ne7 7. O-O O-O 8. Be3
Nc6 9. Qd2 exd4 10. Nxd4 Nc5 11. Rfd1 Bd7 12. f3 a5 13. Ndb5 Nb8 14. Bg5 f6 15.
Be3 Nba6 16. Rab1 Be6 17. b3 f5 18. Nd4 Qd7 19. exf5 Bxf5 20. Nxf5 Rxf5 21. a3
Re8 22. Bf1 a4 23. b4 Nb3 24. Qd3 c5 25. Nxa4 Nd4 26. Nc3 Nc2 27. Bxc5 Nxa3 28.
Rb3 Nxc5 29. bxc5 Qc8 30. Ne4 Nxc4 31. Qxc4+ d5 32. Rxd5 Qe6 33. Rd8 1-0

[Event "III Festival A"]
[Site "Lido degli Estensi - Comacchio ITA"]
[Date "2002.06.12"]
[Round "5"]
[White "Berni, Giorgio"]
[Black "Chatalbashev, Boris"]
[Result "0-1"]
[WhiteElo "2198"]
[BlackElo "2537"]
[PlyCount "84"]
[EventDate "2002.06.07"]

1. e4 c5 2. Nf3 g6 3. d4 Bg7 4. dxc5 Qa5+ 5. Nc3 Bxc3+ 6. bxc3 Qxc3+ 7. Bd2
Qxc5 8. Bd3 d6 9. O-O Nf6 10. Bh6 Nbd7 11. Rb1 b6 12. Rb5 Qc7 13. e5 dxe5 14.
Re1 a6 15. Rbxe5 Nxe5 16. Nxe5 Be6 17. Qf3 Bd5 18. Qf4 b5 19. a4 Qa5 20. Qe3
Be6 21. Nxf7 Qxe1+ 22. Qxe1 Kxf7 23. axb5 axb5 24. h3 Bc4 25. Bxc4+ bxc4 26.
Bg5 Rac8 27. c3 Rhd8 28. Bxf6 exf6 29. Qe4 Rd7 30. h4 Rc5 31. g3 f5 32. Qe3 Rc6
33. h5 Re6 34. hxg6+ hxg6 35. Qc5 Re4 36. f3 Rd1+ 37. Kf2 Rd2+ 38. Kf1 Re7 39.
Qxc4+ Kg7 40. Qc5 Rb7 41. Qe5+ Kh7 42. Qe1 Rh2 0-1

[Event "III Festival A"]
[Site "Lido degli Estensi - Comacchio ITA"]
[Date "2002.06.12"]
[Round "5"]
[White "Brancaleoni, Maurizio"]
[Black "Ronchetti, Niccolo'"]
[Result "1-0"]
[WhiteElo "2246"]
[BlackElo "2040"]
[PlyCount "83"]
[EventDate "2002.06.07"]

1. d4 Nf6 2. Nf3 e6 3. c4 c5 4. e3 cxd4 5. exd4 d6 6. Nc3 b6 7. Be2 Bb7 8. O-O
Be7 9. d5 e5 10. a3 O-O 11. b4 Nbd7 12. Ne1 Ne8 13. f4 f5 14. Bb2 a6 15. g3 Bf6
16. fxe5 Bxe5 17. Nf3 Qf6 18. Qd2 g6 19. Nxe5 dxe5 20. Ne4 Qe7 21. Ng5 Nd6 22.
Rac1 Rfc8 23. Qe3 Nf7 24. Nxf7 Kxf7 25. Bd1 b5 26. Bb3 bxc4 27. Bxc4 Qd6 28.
Bb3 Re8 29. Rc6 Qb8 30. Rc7 Bc8 31. d6+ Kf6 32. Bd5 a5 33. Bxa8 Qxa8 34. Ra7
Qd5 35. Rxa5 Qxd6 36. Qf3 Qb6+ 37. Qf2 Qc6 38. Qg2 Qb6+ 39. Qf2 Qc6 40. Rc1 Qe4
41. Qe1 Qf3 42. Qc3 1-0

[Event "III Festival A"]
[Site "Lido degli Estensi - Comacchio ITA"]
[Date "2002.06.12"]
[Round "5"]
[White "Brumen, Dinko"]
[Black "Groffen, Hans"]
[Result "1-0"]
[WhiteElo "2408"]
[BlackElo "2230"]
[PlyCount "81"]
[EventDate "2002.06.07"]

1. d4 d5 2. c4 c6 3. Nf3 Nf6 4. e3 a6 5. Nbd2 Bg4 6. Be2 e6 7. Ne5 Bxe2 8. Qxe2
Nbd7 9. f4 Ne4 10. Nxe4 dxe4 11. Bd2 Be7 12. Bc3 O-O 13. O-O f5 14. Rfd1 Nf6
15. b4 Qc7 16. a4 b5 17. Rdc1 Qb7 18. Be1 bxc4 19. Qxc4 Nd5 20. Qxc6 Qxc6 21.
Nxc6 Bd6 22. Kf2 g5 23. g3 gxf4 24. exf4 Rfc8 25. b5 Bc7 26. bxa6 Bb6 27. Rab1
Rxa6 28. Kg2 Kg7 29. a5 Bd8 30. Nxd8 Rxd8 31. Rb7+ Kg6 32. Kh3 h5 33. Kh4 Kh6
34. Bb4 Kg6 35. Rc5 Kh6 36. Rcb5 Kg6 37. Be7 Re8 38. Bg5 e3 39. Rd7 Nc3 40.
Rbb7 Rg8 41. Rh7 1-0

[Event "III Festival A"]
[Site "Lido degli Estensi - Comacchio ITA"]
[Date "2002.06.12"]
[Round "5"]
[White "Bukal, Vladimir jr"]
[Black "Sciortino, Massimo"]
[Result "1-0"]
[WhiteElo "2393"]
[BlackElo "2204"]
[PlyCount "69"]
[EventDate "2002.06.07"]

1. d4 Nf6 2. c4 e6 3. Nf3 c5 4. d5 b5 5. Bg5 Qa5+ 6. Nbd2 bxc4 7. Bxf6 gxf6 8.
e4 Ba6 9. Be2 c3 10. bxc3 Qxc3 11. O-O Bxe2 12. Qxe2 Bh6 13. Rab1 Bxd2 14. Nxd2
O-O 15. Rb3 Qe5 16. Nc4 Qf4 17. Rf3 Qh6 18. Rh3 Qf4 19. Qh5 Qxe4 20. Rg3+ Qg6
21. dxe6 dxe6 22. Qxc5 Nd7 23. Rxg6+ hxg6 24. Qe7 Nb6 25. Nxb6 axb6 26. Qxf6
Rxa2 27. Rb1 Rc8 28. h4 Ra5 29. Rxb6 Rf5 30. Qd4 Rd5 31. Qb2 Rh5 32. g3 Rd5 33.
Kg2 Rcd8 34. Qf6 Rf8 35. g4 1-0

[Event "III Festival A"]
[Site "Lido degli Estensi - Comacchio ITA"]
[Date "2002.06.12"]
[Round "5"]
[White "Bukal, Vladimir sr"]
[Black "Cebalo, Miso"]
[Result "1/2-1/2"]
[WhiteElo "2432"]
[BlackElo "2515"]
[PlyCount "100"]
[EventDate "2002.06.07"]

1. c4 e5 2. Nc3 Nf6 3. Nf3 Nc6 4. e4 Bc5 5. Nxe5 Nxe5 6. d4 Bb4 7. dxe5 Nxe4 8.
Qd4 Nxc3 9. bxc3 Be7 10. Qg4 g6 11. Bh6 d6 12. Qe4 Qd7 13. f4 Qc6 14. Bd3 Be6
15. exd6 cxd6 16. Bg7 Rg8 17. Bd4 d5 18. Qe3 O-O-O 19. O-O Rge8 20. Bxa7 dxc4
21. Be4 Bd5 22. Bxd5 Rxd5 23. Qh3+ f5 24. Bd4 Bc5 25. Bxc5 Qxc5+ 26. Kh1 Re7
27. Qh4 Rd2 28. Rad1 Rxa2 29. Qf6 Qc6 30. Qxc6+ bxc6 31. Rd4 Rae2 32. Rg1 Kc7
33. Rxc4 Rc2 34. h3 h5 35. Kh2 h4 36. Ra4 Kb6 37. Ra8 Rxc3 38. Rh8 c5 39. Rxh4
c4 40. Rh6 Re6 41. h4 Rd3 42. h5 Rdd6 43. Kh3 gxh5 44. Rxh5 Rh6 45. Kh4 Rxh5+
46. Kxh5 Kc5 47. Kg5 Rd5 48. g4 fxg4+ 49. f5 c3 50. Rg3 Kb4 1/2-1/2

[Event "III Festival A"]
[Site "Lido degli Estensi - Comacchio ITA"]
[Date "2002.06.12"]
[Round "5"]
[White "Costantini, Laura"]
[Black "Sartori, Spartaco"]
[Result "1-0"]
[WhiteElo "2058"]
[BlackElo "2262"]
[PlyCount "65"]
[EventDate "2002.06.07"]

1. e4 e6 2. d4 d5 3. Nc3 Bb4 4. e5 c5 5. a3 Bxc3+ 6. bxc3 Ne7 7. Qg4 O-O 8. Bd3
f5 9. exf6 Rxf6 10. Bg5 Rf7 11. Qh5 g6 12. Qd1 Qa5 13. Bd2 c4 14. Be2 Nbc6 15.
Nf3 Bd7 16. O-O Nf5 17. Qb1 Nd6 18. Ng5 Rf6 19. Qe1 Raf8 20. Bg4 h6 21. Nh3 Kg7
22. Qe3 Nf7 23. Nf4 Ng5 24. Nh3 Nf7 25. Qg3 Nxd4 26. Bxh6+ Nxh6 27. cxd4 Qd2
28. Rab1 Qxd4 29. Rxb7 R8f7 30. Bf3 Nf5 31. Qb8 Kh6 32. Qd8 Ba4 33. Qh8+ 1-0

[Event "III Festival A"]
[Site "Lido degli Estensi - Comacchio ITA"]
[Date "2002.06.12"]
[Round "5"]
[White "Efimov, Igor"]
[Black "Sulava, Nenad"]
[Result "1-0"]
[WhiteElo "2446"]
[BlackElo "2548"]
[PlyCount "53"]
[EventDate "2002.06.07"]

1. e4 c5 2. Nf3 e6 3. d4 cxd4 4. Nxd4 a6 5. c4 Nf6 6. Nc3 Qc7 7. a3 b6 8. Be3
Bb7 9. f3 d6 10. Rc1 Be7 11. Be2 Nbd7 12. O-O Rc8 13. Qd2 Qb8 14. Rc2 h5 15. b4
h4 16. Na4 Bd8 17. Rb1 Bc7 18. h3 Ba8 19. c5 dxc5 20. bxc5 b5 21. c6 Bh2+ 22.
Kh1 Ne5 23. Nc5 Ng6 24. Nxa6 Qg3 25. Bxb5 Nf4 26. Nf5 exf5 27. Qd6 1-0

[Event "III Festival A"]
[Site "Lido degli Estensi - Comacchio ITA"]
[Date "2002.06.12"]
[Round "5"]
[White "Galego, Luis"]
[Black "Skembris, Spyridon"]
[Result "1-0"]
[WhiteElo "2532"]
[BlackElo "2429"]
[PlyCount "99"]
[EventDate "2002.06.07"]

1. e4 e5 2. Nf3 Nc6 3. Nc3 Nf6 4. g3 d5 5. exd5 Nxd5 6. Bg2 Nxc3 7. bxc3 Bc5 8.
O-O O-O 9. d3 Re8 10. Qe2 Bb6 11. Re1 Bg4 12. Qe4 Bh5 13. Nh4 Qf6 14. Qf5 Qxf5
15. Nxf5 Rad8 16. a4 Ba5 17. Bd2 Bg4 18. Ne3 Be6 19. Reb1 Bb6 20. c4 a5 21. c5
Bxc5 22. Rxb7 Nb4 23. Rxc7 Bb6 24. Rb7 Bxe3 25. fxe3 Nxc2 26. Rab1 Rxd3 27. Rb8
Kf8 28. Bxa5 f5 29. Bc6 Rxb8 30. Rxb8+ Ke7 31. Rb7+ Kd6 32. Bb5 Rd1+ 33. Kf2
Rh1 34. Rb6+ Ke7 35. Rb7+ Kd6 36. Bc7+ Kc5 37. Bxe5 Rxh2+ 38. Kg1 Rd2 39. Rc7+
Kd5 40. Bf4 Ke4 41. Bc6+ Kd3 42. Bb5+ Ke4 43. Re7 Rd1+ 44. Kf2 Kd5 45. Be2 Ra1
46. Bf3+ Kc4 47. Rxe6 Rxa4 48. Rc6+ Kb3 49. Bd1 Ra2 50. Be5 1-0

[Event "III Festival A"]
[Site "Lido degli Estensi - Comacchio ITA"]
[Date "2002.06.12"]
[Round "5"]
[White "Genocchio, Daniele"]
[Black "Kort, Jacob"]
[Result "0-1"]
[WhiteElo "2326"]
[BlackElo "2250"]
[PlyCount "61"]
[EventDate "2002.06.07"]

1. e4 e5 2. Nf3 Nc6 3. Bb5 g6 4. d4 exd4 5. Bg5 f6 6. Bh4 Bg7 7. Nxd4 Nge7 8.
Nc3 O-O 9. O-O Kh8 10. f4 Nxd4 11. Qxd4 g5 12. Bg3 f5 13. Qd2 c6 14. Bc4 fxe4
15. Nxe4 d5 16. Rad1 Qb6+ 17. Bf2 Qc7 18. Bd4 Nf5 19. Bxg7+ Qxg7 20. g4 Nh4 21.
Nxg5 dxc4 22. h3 h6 23. Ne4 Be6 24. Nc3 Rae8 25. Kh2 Bd5 26. Nxd5 cxd5 27. Rf2
Re4 28. Qxd5 Rexf4 29. Rxf4 Rxf4 30. Qd8+ Rf8 31. Qxh4 0-1

[Event "III Festival A"]
[Site "Lido degli Estensi - Comacchio ITA"]
[Date "2002.06.12"]
[Round "5"]
[White "Jaracz, Pawel"]
[Black "Mrdja, Milan"]
[Result "1-0"]
[WhiteElo "2506"]
[BlackElo "2411"]
[PlyCount "75"]
[EventDate "2002.06.07"]

1. e4 c5 2. Nf3 d6 3. d4 cxd4 4. Nxd4 Nf6 5. Nc3 a6 6. Be3 e5 7. Nb3 Be6 8. f3
Be7 9. Qd2 Nbd7 10. g4 O-O 11. O-O-O b5 12. g5 Nh5 13. Nd5 Bxd5 14. exd5 f5 15.
gxf6 Rxf6 16. Na5 Nf4 17. Nc6 Qe8 18. c4 bxc4 19. Bxc4 Kh8 20. Kb1 Bd8 21. Nxd8
Qxd8 22. Rc1 Rf7 23. Rc3 Ng6 24. Rf1 Qf8 25. Qe2 Nf4 26. Qc2 Nf6 27. Bxf4 exf4
28. Bxa6 Nxd5 29. Rc8 Rxc8 30. Qxc8 Qxc8 31. Bxc8 Nb6 32. Ba6 Ra7 33. Bd3 g5
34. Rg1 h6 35. Re1 Nd5 36. Re6 Nb4 37. Rxh6+ Kg8 38. Rxd6 1-0

[Event "III Festival A"]
[Site "Lido degli Estensi - Comacchio ITA"]
[Date "2002.06.12"]
[Round "5"]
[White "Lain, Luigi"]
[Black "Ricci, Alfredo"]
[Result "1-0"]
[WhiteElo "2164"]
[BlackElo "2054"]
[PlyCount "51"]
[EventDate "2002.06.07"]

1. d4 Nf6 2. c4 g6 3. Nc3 d5 4. cxd5 Nxd5 5. e4 Nxc3 6. bxc3 c5 7. Bc4 Bg7 8.
Ne2 cxd4 9. cxd4 Nc6 10. Bb2 O-O 11. O-O Na5 12. Bd3 Be6 13. Bc3 Rc8 14. Qa4
Rxc3 15. Nxc3 Bxd4 16. Rac1 a6 17. Qb4 b5 18. Nd5 Bf6 19. Nxf6+ exf6 20. Rfd1
Qb6 21. a4 Bb3 22. Bc2 Bc4 23. Rd6 Nc6 24. Qc3 Qc5 25. Qxf6 Qa3 26. Ra1 1-0

[Event "III Festival A"]
[Site "Lido degli Estensi - Comacchio ITA"]
[Date "2002.06.12"]
[Round "5"]
[White "Lamoureux, Charles"]
[Black "Cedikova, Katerina"]
[Result "1-0"]
[WhiteElo "2386"]
[BlackElo "2168"]
[PlyCount "95"]
[EventDate "2002.06.07"]

1. e4 g6 2. d4 Bg7 3. Nf3 d6 4. Nc3 Nd7 5. Bc4 e6 6. Bg5 Ne7 7. Qd2 h6 8. Be3
a6 9. a4 d5 10. Bb3 dxe4 11. Nxe4 Nd5 12. O-O Nxe3 13. Qxe3 O-O 14. Rad1 Nf6
15. Nxf6+ Qxf6 16. Rfe1 Bd7 17. Ne5 Rad8 18. Qg3 Bc8 19. c3 b6 20. h4 c5 21.
Rd3 Rd6 22. h5 g5 23. dxc5 Rxd3 24. Nxd3 bxc5 25. Nxc5 e5 26. a5 Qc6 27. Qe3
Kh8 28. Ba4 Qc7 29. b4 f5 30. Rd1 f4 31. Qd3 Bg4 32. Qd6 Qf7 33. f3 Bxh5 34.
Bb3 Qf5 35. Qd7 Qxd7 36. Rxd7 g4 37. Kf2 gxf3 38. gxf3 Be8 39. Ra7 Bb5 40. c4
Be8 41. Rxa6 e4 42. Nxe4 Bd4+ 43. Ke2 Kg7 44. Nd6 Bg6 45. c5 Rb8 46. Rb6 Rd8
47. a6 Rd7 48. Rb7 1-0

[Event "III Festival A"]
[Site "Lido degli Estensi - Comacchio ITA"]
[Date "2002.06.12"]
[Round "5"]
[White "Maietti, Luca"]
[Black "Trabert, Bettina"]
[Result "0-1"]
[WhiteElo "1585"]
[BlackElo "2291"]
[PlyCount "64"]
[EventDate "2002.06.07"]

1. d4 d5 2. Nf3 c6 3. e3 Nf6 4. Bd3 Bg4 5. c4 e6 6. Nbd2 Nbd7 7. cxd5 exd5 8.
O-O Bd6 9. b3 O-O 10. Bb2 Re8 11. Qc2 Qe7 12. Rfe1 Ne4 13. Be2 f5 14. Nf1 Qf6
15. h3 Bxh3 16. gxh3 Qg6+ 17. Ng3 Bxg3 18. Bf1 Bxf2+ 19. Kh1 Qg3 20. Bg2 Bxe1
21. Rxe1 Nf2+ 22. Kg1 Nxh3+ 23. Kf1 f4 24. e4 Rxe4 25. Rxe4 dxe4 26. Ne5 Nxe5
27. dxe5 f3 28. Qc4+ Kh8 29. Bxh3 Qxh3+ 30. Kf2 Qg2+ 31. Ke3 f2 32. e6 Qf3+ 0-1

[Event "III Festival A"]
[Site "Lido degli Estensi - Comacchio ITA"]
[Date "2002.06.12"]
[Round "5"]
[White "Molina, Fabrizio"]
[Black "Valenti, Richard"]
[Result "1-0"]
[WhiteElo "2278"]
[BlackElo "2152"]
[PlyCount "111"]
[EventDate "2002.06.07"]

1. c4 g6 2. Nc3 Bg7 3. g3 c5 4. Bg2 Nc6 5. e4 e5 6. d3 Nge7 7. Nge2 O-O 8. O-O
d6 9. Rb1 a6 10. a3 Rb8 11. b4 cxb4 12. axb4 b5 13. cxb5 axb5 14. Be3 Nd4 15.
Qd2 Bh3 16. Bxd4 Bxg2 17. Kxg2 exd4 18. Na2 Qb6 19. Nac1 Ra8 20. Nb3 Nc6 21.
Nf4 Bh6 22. Nd5 Bxd2 23. Nxb6 Ra2 24. Nd5 Rfa8 25. Nc7 Rb8 26. Ra1 Rxa1 27.
Rxa1 Bxb4 28. Ra6 Ne5 29. Nxd4 Nxd3 30. Nc6 Rb7 31. Ne8 h5 32. Ra8 Kh7 33. Nxb4
Nxb4 34. Nxd6 Rb6 35. Nxf7 Nd3 36. f4 b4 37. Ng5+ Kg7 38. Ra7+ Kf8 39. Rd7 b3
40. Rxd3 b2 41. Rd1 b1=Q 42. Rxb1 Rxb1 43. Kh3 Rb2 44. e5 Ke7 45. Nf3 Rf2 46.
Ng5 Re2 47. Nh7 Ke6 48. Nf6 Kf5 49. Nh7 Rd2 50. Ng5 Rf2 51. Nf7 Ke6 52. Nh6 g5
53. fxg5 Kxe5 54. g4 Kf4 55. g6 hxg4+ 56. Nxg4 1-0

[Event "III Festival A"]
[Site "Lido degli Estensi - Comacchio ITA"]
[Date "2002.06.12"]
[Round "5"]
[White "Navarro, Stefano"]
[Black "Logallo, Claudio"]
[Result "1/2-1/2"]
[WhiteElo "2148"]
[BlackElo "1744"]
[PlyCount "32"]
[EventDate "2002.06.07"]

1. e4 c5 2. Nf3 d6 3. d4 cxd4 4. Nxd4 Nf6 5. Nc3 a6 6. Bg5 e6 7. f4 Be7 8. Qe2
h6 9. Bh4 Nxe4 10. Bxe7 Nxc3 11. Qc4 Kxe7 12. Qxc3 Re8 13. O-O-O Kf8 14. Nf3 d5
15. Qd3 Qf6 16. g3 Nc6 1/2-1/2

[Event "III Festival A"]
[Site "Lido degli Estensi - Comacchio ITA"]
[Date "2002.06.12"]
[Round "5"]
[White "Olarasu, Gabriela"]
[Black "Roeder, Matthias"]
[Result "0-1"]
[WhiteElo "2289"]
[BlackElo "2487"]
[PlyCount "138"]
[EventDate "2002.06.07"]

1. d4 Nf6 2. c4 e6 3. Nc3 Bb4 4. Qc2 c5 5. dxc5 O-O 6. a3 Bxc5 7. Nf3 b6 8. Bg5
Bb7 9. e3 Be7 10. Be2 d6 11. O-O Nbd7 12. Rfd1 a6 13. Rd2 Qc7 14. Rad1 Rfd8 15.
b4 Rac8 16. Rc1 Nf8 17. Rdd1 h6 18. Bf4 Ng6 19. Bg3 Nh5 20. Bd3 Nf8 21. Qb3
Nxg3 22. hxg3 Nd7 23. Be4 Bxe4 24. Nxe4 Nf6 25. Nxf6+ Bxf6 26. Qb1 Qb7 27. Nd4
d5 28. cxd5 Rxc1 29. Qxc1 Rc8 30. Qb1 Qxd5 31. Rc1 Rc4 32. Rxc4 Qxc4 33. Nc2
Qd3 34. Qc1 g5 35. Nd4 Kg7 36. Nf3 h5 37. Nd2 g4 38. Nb1 b5 39. Nd2 Be5 40. Qc5
Bf6 41. Qc1 Kh6 42. Kh2 Be5 43. Kg1 Kg7 44. Qc5 Kf6 45. Nf1 Qc3 46. Qf8 Kg6 47.
Qa8 Qxa3 48. Qe4+ Kf6 49. f4 Bc3 50. Qh7 Qxb4 51. Qxh5 Ke7 52. Qxg4 a5 53. Qg8
Qc5 54. g4 a4 55. g5 a3 56. Qa8 b4 57. Kf2 Qd5 58. Qa7+ Kd8 59. Qb8+ Kd7 60.
Qa7+ Kc8 61. Qa6+ Kc7 62. Qa7+ Kc6 63. Qa6+ Kc5 64. Qa7+ Kc4 65. Qa4 Qe4 66.
Ng3 Qb1 67. Qc6+ Kb3 68. Ne4 Qc2+ 69. Kf3 Qd1+ 0-1

[Event "III Festival A"]
[Site "Lido degli Estensi - Comacchio ITA"]
[Date "2002.06.12"]
[Round "5"]
[White "Ortega, Lexy"]
[Black "Glek, Igor V."]
[Result "0-1"]
[WhiteElo "2463"]
[BlackElo "2605"]
[PlyCount "62"]
[EventDate "2002.06.07"]

1. d4 Nf6 2. Nf3 c5 3. e3 cxd4 4. exd4 g6 5. c4 d5 6. Nc3 Bg7 7. Be2 O-O 8. O-O
Nc6 9. h3 Bf5 10. Be3 dxc4 11. Bxc4 Rc8 12. Re1 Na5 13. Bf1 Nd5 14. Bg5 Bf6 15.
Nxd5 Qxd5 16. Bxf6 exf6 17. Qd2 Kg7 18. Rac1 b6 19. b3 Rfd8 20. Ba6 Rxc1 21.
Rxc1 Bxh3 22. b4 Nb7 23. Qf4 Be6 24. Bxb7 Qxb7 25. Rc7 Qb8 26. Qc1 Bxa2 27. Re7
Bd5 28. Nh2 h5 29. Qa3 Re8 30. Qxa7 Qxa7 31. Rxa7 Re1+ 0-1

[Event "III Festival A"]
[Site "Lido degli Estensi - Comacchio ITA"]
[Date "2002.06.12"]
[Round "5"]
[White "Tatai, Stefano"]
[Black "Schmitz, Andreas Arnold"]
[Result "1-0"]
[WhiteElo "2358"]
[BlackElo "2161"]
[PlyCount "81"]
[EventDate "2002.06.07"]

1. e4 e6 2. d4 d5 3. Nc3 Bb4 4. e5 c5 5. a3 Bxc3+ 6. bxc3 Qc7 7. Qg4 f5 8. Qg3
cxd4 9. cxd4 Qxc2 10. Bd2 Qe4+ 11. Ne2 Qg4 12. Qc3 Nc6 13. Nf4 Qh4 14. Bb5 Qd8
15. Bxc6+ bxc6 16. O-O Ne7 17. Rfb1 Kf7 18. Qc5 Ba6 19. Rb3 Rb8 20. Rg3 Qd7 21.
Bb4 Ng6 22. Nh3 Rhe8 23. Qc1 Nh8 24. Qg5 Kg8 25. Nf4 Qf7 26. Rh3 Bc4 27. Qh4 h6
28. Rg3 Kh7 29. Re1 Rb7 30. Nh3 Qd7 31. Ng5+ Kg8 32. Nf3 Kh7 33. Bd2 Nf7 34.
Qh5 Kg8 35. Bxh6 Nxh6 36. Qxh6 f4 37. Qxf4 Rf8 38. Qh4 Bd3 39. Ng5 Rb1 40. Rxb1
Bxb1 41. Rh3 1-0

[Event "III Festival A"]
[Site "Lido degli Estensi - Comacchio ITA"]
[Date "2002.06.12"]
[Round "5"]
[White "Timoscenko, Gennadij A."]
[Black "Mitkov, Nikola"]
[Result "1/2-1/2"]
[WhiteElo "2522"]
[BlackElo "2493"]
[PlyCount "67"]
[EventDate "2002.06.07"]

1. d4 Nf6 2. c4 e6 3. Nf3 d5 4. Nc3 Bb4 5. cxd5 exd5 6. Bg5 h6 7. Bh4 g5 8. Bg3
Ne4 9. Nd2 Nxc3 10. bxc3 Bxc3 11. Rc1 Bb2 12. Bxc7 Qe7 13. Bd6 Qe6 14. Rb1 Bc3
15. Ba3 Nc6 16. e3 Bxd4 17. Be2 Be5 18. O-O Bd6 19. Bxd6 Qxd6 20. Ne4 Qe5 21.
Qxd5 Qxd5 22. Nf6+ Kf8 23. Nxd5 Rb8 24. Nb4 Nxb4 25. Rxb4 Be6 26. a4 Kg7 27. h4
Rhc8 28. hxg5 hxg5 29. Rfb1 b6 30. a5 Rc5 31. axb6 Rxb6 32. Rxb6 axb6 33. f3
Rc3 34. Rxb6 1/2-1/2

[Event "III Festival A"]
[Site "Lido degli Estensi - Comacchio ITA"]
[Date "2002.06.12"]
[Round "5"]
[White "Troffiguer, Olivier"]
[Black "Misanovic, Vesna"]
[Result "0-1"]
[WhiteElo "2148"]
[BlackElo "2347"]
[PlyCount "62"]
[EventDate "2002.06.07"]

1. d4 d5 2. Nf3 Nf6 3. c4 e6 4. Nc3 Bb4 5. Bg5 Nbd7 6. e3 c5 7. Nd2 Qa5 8. Qc2
cxd4 9. exd4 O-O 10. Be2 dxc4 11. Bxf6 Nxf6 12. Nxc4 Qd8 13. Rd1 b5 14. Ne3 Bb7
15. O-O a6 16. Qb3 Qa5 17. Rc1 Rfd8 18. Rfd1 Rd7 19. a4 Bxc3 20. Qxc3 b4 21.
Qb3 Rb8 22. Rc4 Be4 23. f3 Bd5 24. Nxd5 Nxd5 25. Rc5 Qb6 26. a5 Qa7 27. Qc4 Ne3
28. Rc8+ Rd8 29. Rxd8+ Rxd8 30. Qxb4 Nxd1 31. Bxd1 Rxd4 0-1

[Event "III Festival A"]
[Site "Lido degli Estensi - Comacchio ITA"]
[Date "2002.06.12"]
[Round "5"]
[White "Van Hoolandt, Patrick"]
[Black "Isonzo, David"]
[Result "1/2-1/2"]
[WhiteElo "2157"]
[BlackElo "2360"]
[PlyCount "24"]
[EventDate "2002.06.07"]

1. c4 e5 2. g3 Nc6 3. Bg2 f5 4. Nc3 Bc5 5. e3 Nf6 6. Nge2 e4 7. d4 exd3 8. Qxd3
d6 9. b3 O-O 10. a3 a5 11. Bb2 Qe8 12. Nf4 Ne5 1/2-1/2

[Event "III Festival A"]
[Site "Lido degli Estensi - Comacchio ITA"]
[Date "2002.06.12"]
[Round "5"]
[White "Vospernik, Andrej"]
[Black "Roberti, Ignazio"]
[Result "1-0"]
[WhiteElo "2150"]
[BlackElo "1769"]
[PlyCount "137"]
[EventDate "2002.06.07"]

1. d4 Nf6 2. g3 g6 3. Bg2 Bg7 4. e4 d6 5. f4 c6 6. Ne2 Na6 7. Be3 Nc7 8. c3 Bd7
9. Nd2 Qc8 10. h3 b5 11. Qc2 a5 12. g4 h6 13. f5 e5 14. fxg6 fxg6 15. Nf3 Ng8
16. Bf2 Qd8 17. O-O-O Qe7 18. Nh4 Qg5+ 19. Kb1 Ne6 20. Bg3 Nf4 21. Nf3 Qf6 22.
dxe5 dxe5 23. Rxd7 Kxd7 24. Nxe5+ Qxe5 25. Bxf4 Qc5 26. Rd1+ Kc8 27. Qd3 Nf6
28. e5 Nd5 29. Qxg6 Ra7 30. Bh2 Rd8 31. Bg1 Nxc3+ 32. Kc2 Qc4 33. Rxd8+ Kxd8
34. Bb6+ Kc8 35. Nxc3 Re7 36. Bxa5 b4 37. Qd6 Rf7 38. Qd8+ Kb7 39. Qb6+ Kc8 40.
Bxb4 Bxe5 41. Qxc6+ Qxc6 42. Bxc6 Kc7 43. Be4 Rf2+ 44. Kb3 Rh2 45. Bc5 Rxh3 46.
Bf2 Rh2 47. Be3 Rh3 48. Kc4 Kd7 49. Bb6 Rh2 50. Kd5 Rxb2 51. Na4 Rb4 52. Kxe5
Rxa4 53. Be3 Ra6 54. Bd5 Ke7 55. Bc5+ Kd7 56. a3 Rg6 57. Be4 Rg5+ 58. Bf5+ Kc7
59. Be3 Rg8 60. Bxh6 Re8+ 61. Kf6 Kd6 62. g5 Rh8 63. a4 Kc5 64. a5 Kb5 65. Kg7
Rb8 66. g6 Kxa5 67. Kh7 Kb6 68. g7 Rb7 69. Kh8 1-0

[Event "III Festival A"]
[Site "Lido degli Estensi - Comacchio ITA"]
[Date "2002.06.12"]
[Round "5"]
[White "Zelcic, Robert"]
[Black "Dickhoff, Ronald"]
[Result "1/2-1/2"]
[WhiteElo "2547"]
[BlackElo "2230"]
[PlyCount "123"]
[EventDate "2002.06.07"]

1. e4 e6 2. d4 d5 3. Nc3 Bb4 4. e5 c5 5. dxc5 Qc7 6. Nf3 Nd7 7. Bb5 Ne7 8. O-O
a6 9. Be3 Bxc5 10. Bxc5 Qxc5 11. Bxd7+ Bxd7 12. Nd4 Nc6 13. Nb3 Qc4 14. Re1 O-O
15. Qd2 f6 16. exf6 Rxf6 17. Re2 Raf8 18. Rae1 Bc8 19. Nd1 b6 20. Ne3 Qa4 21.
h3 a5 22. Ng4 Rf5 23. a3 h5 24. Ne3 Re5 25. Nd1 Ref5 26. g3 h4 27. g4 Rf4 28.
Re3 d4 29. Re4 e5 30. Qe2 Rxe4 31. Qxe4 Qb5 32. Nd2 Be6 33. Qd3 Qxd3 34. cxd3
Bd5 35. b3 b5 36. Nb2 Kf7 37. Rc1 Ke6 38. a4 Rb8 39. Kf1 g6 40. Ke2 Rb7 41. f3
Kd6 42. Rf1 bxa4 43. Nxa4 Nd8 44. Ne4+ Bxe4 45. fxe4 Ke7 46. Nb2 Rxb3 47. Nc4
Rb5 48. Kd2 Ne6 49. Kc2 Ng5 50. Ra1 Kf6 51. Rf1+ Ke7 52. Ra1 Nxh3 53. Rh1 Nf2
54. Rxh4 Kf6 55. Kd2 Kg5 56. Rh7 Nxg4 57. Ke2 Nf6 58. Re7 Ng4 59. Ra7 Kf4 60.
Rf7+ Kg5 61. Ra7 Kf4 62. Rf7+ 1/2-1/2

[Event "III Festival A"]
[Site "Lido degli Estensi - Comacchio ITA"]
[Date "2002.06.13"]
[Round "6"]
[White "Barlocco, Carlo"]
[Black "Tatai, Stefano"]
[Result "0-1"]
[WhiteElo "2129"]
[BlackElo "2358"]
[PlyCount "56"]
[EventDate "2002.06.07"]

1. d4 Nf6 2. c4 e6 3. Nc3 Bb4 4. Bd2 c5 5. e3 O-O 6. Nf3 b6 7. Be2 Bb7 8. O-O
cxd4 9. Nxd4 a6 10. Bf3 Ra7 11. Rc1 Be7 12. Bxb7 Rxb7 13. e4 d6 14. Qe2 Rc7 15.
Rfd1 Nbd7 16. f4 Qc8 17. b3 Rd8 18. f5 Ne5 19. Bf4 b5 20. fxe6 fxe6 21. Bxe5
dxe5 22. Nf3 bxc4 23. Rxd8+ Qxd8 24. bxc4 Ng4 25. Nd1 Bc5+ 26. Kh1 Rd7 27. Nd4
Qg5 28. Nb3 Qxc1 0-1

[Event "III Festival A"]
[Site "Lido degli Estensi - Comacchio ITA"]
[Date "2002.06.13"]
[Round "6"]
[White "Brancaleoni, Maurizio"]
[Black "Bukal, Vladimir jr"]
[Result "0-1"]
[WhiteElo "2246"]
[BlackElo "2393"]
[PlyCount "82"]
[EventDate "2002.06.07"]

1. Nf3 d5 2. d4 Nf6 3. c4 c6 4. Nc3 a6 5. c5 Bg4 6. Ne5 Bh5 7. Qb3 Ra7 8. Bf4
Nbd7 9. e3 Nxe5 10. Bxe5 Nd7 11. Bg3 e5 12. Be2 Bxe2 13. Nxe2 h5 14. h3 h4 15.
Bh2 Be7 16. O-O O-O 17. Qc2 exd4 18. exd4 Bf6 19. Rab1 Re8 20. b4 Ra8 21. Bf4
Re4 22. Be3 Nf8 23. a4 Qd7 24. b5 axb5 25. axb5 g5 26. Rb3 Rae8 27. bxc6 bxc6
28. Rfb1 Ng6 29. Rb7 Qe6 30. Qd2 Nf4 31. Nc3 Rxe3 32. Qxe3 Qxe3 33. fxe3 Rxe3
34. Na4 Rg3 35. Rd1 Rxg2+ 36. Kf1 Rh2 37. Kg1 Rxh3 38. Rb4 Rg3+ 39. Kh1 Nd3 40.
Rxd3 Rxd3 41. Nb2 Rd2 0-1

[Event "III Festival A"]
[Site "Lido degli Estensi - Comacchio ITA"]
[Date "2002.06.13"]
[Round "6"]
[White "Cebalo, Miso"]
[Black "Sarno, Spartaco"]
[Result "1-0"]
[WhiteElo "2515"]
[BlackElo "2399"]
[PlyCount "69"]
[EventDate "2002.06.07"]

1. d4 Nf6 2. c4 g6 3. Nc3 d5 4. Nf3 Bg7 5. cxd5 Nxd5 6. e4 Nxc3 7. bxc3 c5 8.
Rb1 O-O 9. Be2 b6 10. O-O Bb7 11. Qd3 Ba6 12. Qe3 Qc8 13. d5 e6 14. c4 exd5 15.
cxd5 Bxe2 16. Qxe2 Qa6 17. Qc2 Nd7 18. Bg5 Rfe8 19. d6 c4 20. Be7 b5 21. Rfe1
Nc5 22. e5 b4 23. Rxb4 Nd3 24. Reb1 Nxb4 25. Rxb4 Bf8 26. Bxf8 Rxf8 27. h4 Rac8
28. Qc3 Qxa2 29. e6 fxe6 30. Rb7 Rf7 31. Rxf7 Qb1+ 32. Kh2 Kxf7 33. Ng5+ Kg8
34. Qf6 Qf5 35. Qe7 1-0